100 beste Fußballer 2020 (fair) - Statistiken

Allgemein
  • Dieses Quiz wurde 105 mal gespielt
  • Das Durchschnittsergebnis liegt bei 64 aus 100
Antwortstatistiken
Verein Nationalität Spieler % Korrekt
Juventus Portugal Ronaldo
100%
Barcelona Argentinien Messi
99%
Borussia Dortmund Norwegen Haaland
98%
Bayern München Polen Lewandowski
98%
Liverpool Senegal Mane
96%
PSG Frankreich Mbappe
96%
PSG Brasilien Neymar
96%
Bayern München Deutschland Neuer
95%
Manchester City Belgien De Bruyne
94%
Bayern München Deutschland Müller
94%
Liverpool Ägypten Salah
94%
Tottenham England Kane
92%
Bayern München Deutschland Kimmich
92%
Liverpool Niederlande Van Dijk
91%
Chelsea Deutschland Havertz
89%
Bayern München Deutschland Sane
89%
Real Madrid Frankreich Benzema
88%
Bayern München Kanada Davies
87%
Tottenham Südkorea Son
87%
Real Madrid Deutschland Kroos
86%
Bayern München Österreich Alaba
82%
Bayern München Deutschland Gnabry
82%
AC Mailand Schweden Ibrahimovic
82%
Chelsea Deutschland Werner
82%
Inter Mailand Belgien Lukaku
81%
Bayern München Deutschland Goretzka
80%
Rea Madrid Kroatien Modric
80%
Borussia Dortmund England Sancho
80%
Manchester United Portugal Fernandes
79%
Atletico Madrid Slowenien Oblak
76%
Real Madrid Spanien Ramos
76%
Barcelona Deutschland Ter Stegen
76%
Liverpool Brasilien Alisson
74%
Bayern München Frankreich Coman
73%
Juventus Niederlande De Ligt
73%
Liverpool Spanien Thiago
73%
Liverpool Schottland Robertson
71%
Barcelona Uruguay Suarez
71%
Barcelona Niederlande De Jong
69%
Inter Mailand Argentinien Martinez
69%
Liverpool England Alexander Arnold
68%
Arsenal Gabun Aubameyang
68%
Manchester City Algerien Mahrez
68%
Chelsea Brasilien Silva
68%
Manchester City Portugal Silva
68%
Real Madrid Belgien Courtois
67%
Juventus Argentinien Dybala
67%
Liverpool Brasilien Firmino
67%
Inter Mailand Marokko Hakimi
67%
Real Madrid Belgien Hazard
67%
Liverpool England Henderson
66%
Leicester City England Vardy
66%
PSG Costa Rica Navas
65%
Sevilla Spanien Navas
65%
Szoboszlai Ungarn Szoboszlai
65%
Real Madrid Uruguay Valverde
65%
PSG Argentinien Di Maria
64%
Real Madrid Norwegen Odegaard
64%
Atlético Madrid Portugal Felix
62%
RB Leipzig Österreich Sabitzer
62%
Manchester City England Sterling
62%
Atalanta Bergamo Deutschland Gosens
60%
PSG Brasilien Marquinhos
59%
Manchester City Argentinien Aguero
56%
Lyon Niederlande Depay
56%
RB Leipzig Frankreich Upamecano
56%
Manchester City Brasilien Ederson
55%
Bayern München Deutschland Boateng
54%
Barcelona Frankreich Griezmann
54%
Arsenal Ghana Partey
54%
Manchester United England Rashford
54%
Liverpool Brasilien Fabinho
53%
SSC Napoli Belgien Mertens
52%
Chelsea Marokko Ziyech
52%
Real Madrid Brasilien Casemiro
49%
Aston Villa England Grealish
49%
Chelsea Frankreich Kante
49%
Juventus Spanien Morata
49%
Inter Mailand Italien Barella
48%
SSC Napoli Senegal Koulibaly
46%
Liverpool Portugal Jota
45%
Atalanta Bergamo Argentinien Gomez
44%
Barcelona Brasilien Coutinho
42%
Everton Brasilien Richarlison
42%
Stade Rennes Frankreich Camaavinga
39%
Liverpool Niederlande Wijnaldum
36%
Atalanta Bergamo Kolumbien Zapata
35%
Atalanta Bergamo Slowenien Ilicic
32%
Wolves Mexiko Jimenez
32%
Manchester City Spanien Torres
29%
Lazio Rom Spanien Alberto
27%
PSG Frankreich Kimpembe
27%
Atlético Madrid Spanien Llorente
27%
AS Monaco Frankreich Ben Yedder
26%
Barcelona Spanien Fati
22%
Lazio Rom Italien Immobilie
21%
Sevilla Argentinien Ocampos
20%
Everton England Calvert Lewin
15%
Lyon Algerien Aouar
12%
Al Shabab Argentinien Banega
12%
Keine übereinstimmenden Quizze gefunden
Verteilung der Resultate
Anzahl Personen mit jedem Resultat
Perzentil nach korrekt beantworteten Fragen
Ihre Resultats-Entwicklung
Sie haben dieses Quiz noch nicht gespielt